000 00370pab a2200157 454500
008 180718b1999 xxu||||| |||| 00| 0 eng d
100 _aGupta, Anupam
245 _aSonia: naturalisation by marriage
260 _c1999
300 _ap.11
362 _a7 Jun
650 _aCivil and political rights
650 _aGandhi, Sonia
773 _aTribune
909 _a42397
999 _c42397
_d42397